00309pab a2200121 454500008004000000100001900040245004900059260000900108300001600117362001000133650001000143773003400153180718b2003 xxu||||| |||| 00| 0 eng d aSuhrud, Tridip aCollapse of urban cooperative banking sector c2003 ap.3354-355. a9 Aug aBanks aEconomic and Political Weekly